[Event "XXV Festival A"]
[Site "Arco ITA"]
[Date "2003.10.21"]
[Round "4"]
[White "Prakken, Gerrit"]
[Black "Drasko, Milan"]
[Result "1/2-1/2"]
[WhiteElo "2249"]
[BlackElo "2470"]
[PlyCount "54"]
[EventDate "2003.10.18"]

1.d4 e6 2.c4 Nf6 3.Nf3 Bb4+ 4.Nc3 c5 5.e3 O-O 6.Bd3 d5 7.O-O dxc4 8.Bxc4 
Qe7 9.a3 Ba5 10.Qd3 Nbd7 11.Ne4 cxd4 12.exd4 Nxe4 13.Qxe4 Nf6 14.Qh4 Nd5 
15.Bg5 f6 16.Bd3 g6 17.Bh6 Re8 18.Bd2 Bxd2 19.Nxd2 b6 20.Rfe1 Bb7 21.Ne4 
Rad8 22.Bb5 Rf8 23.Rad1 g5 24.Qg3 Nf4 25.Bf1 Qg7 26.Nc3 Rf7 27.Qe3 Re7 
1/2-1/2

[Event "XXV Festival A"]
[Site "Arco ITA"]
[Date "2003.10.21"]
[Round "4"]
[White "Roberti, Ignazio"]
[Black "Swinkels, Robin"]
[Result "1-0"]
[WhiteElo "1990"]
[BlackElo "2170"]
[PlyCount "101"]
[EventDate "2003.10.18"]

1.e4 e5 2.Nf3 Nc6 3.Bb5 a6 4.Ba4 Nf6 5.O-O b5 6.Bb3 Bb7 7.d3 Bc5 8.c3 d6 
9.Nbd2 O-O 10.Re1 h6 11.Nf1 d5 12.Ng3 dxe4 13.dxe4 Qe8 14.Qe2 Rd8 15.Bc2 
Bc8 16.a4 b4 17.a5 Qe6 18.Nf5 Ng4 19.Rf1 Qg6 20.h3 Nf6 21.Qc4 Nd7 22.Bb3 
Bb7 23.cxb4 Bxb4 24.Rd1 Qf6 25.Ba4 Ndb8 26.Bd2 Bxd2 27.Rxd2 Rxd2 28.Nxd2 
Rd8 29.Rd1 Kh7 30.b4 Bc8 31.Ne3 Be6 32.Nd5 Bxd5 33.exd5 Nd4 34.Qxc7 Qd6 
35.Qxd6 Rxd6 36.Be8 f5 37.Bf7 Ne2+ 38.Kf1 Nc3 39.Nc4 Rf6 40.Rc1 Na2 41.Rc2
Nxb4 42.Rb2 Nd3 43.Rb7 Nc5 44.Re7 e4 45.Ne5 Nd3 46.Bg6+ Rxg6 47.Nxg6 Kxg6 
48.Rb7 Nf4 49.Rxb8 Nxd5 50.Rd8 Nb4 51.Rd6+ 1-0

[Event "XXV Festival A"]
[Site "Arco ITA"]
[Date "2003.10.21"]
[Round "4"]
[White "Rossi, Giampiero"]
[Black "Zucchelli, Massimo"]
[Result "1-0"]
[WhiteElo "2040"]
[BlackElo "2178"]
[PlyCount "25"]
[EventDate "2003.10.18"]

1.d4 Nf6 2.c4 e6 3.Nc3 Bb4 4.Qc2 O-O 5.a3 Bxc3+ 6.Qxc3 b6 7.Bg5 Ba6 8.e3 
d6 9.Bd3 Nbd7 10.Ne2 c5 11.O-O Rc8 12.Rfd1 Qe7 13.Rac1 1-0

[Event "XXV Festival A"]
[Site "Arco ITA"]
[Date "2003.10.21"]
[Round "4"]
[White "Stull, Norbert"]
[Black "Giuriato, Sergio"]
[Result "1/2-1/2"]
[WhiteElo "2114"]
[BlackElo "2029"]
[PlyCount "89"]
[EventDate "2003.10.18"]

1.d4 Nf6 2.c4 e6 3.Nf3 Bb4+ 4.Bd2 Qe7 5.g3 O-O 6.Bg2 Ne4 7.O-O Nxd2 8.
Nbxd2 Bxd2 9.Qxd2 d6 10.e4 e5 11.Qc3 Nd7 12.b4 Re8 13.Rfe1 Nf6 14.h3 Bd7 
15.a4 c6 16.a5 h6 17.dxe5 dxe5 18.c5 a6 19.Nd2 Be6 20.Rad1 Qc7 21.Nf1 Rad8
22.Ne3 Nh7 23.Nf5 Bxf5 24.exf5 f6 25.Bf1 Ng5 26.h4 Nf7 27.Bc4 Kf8 28.Be6 
Rxd1 29.Rxd1 Rd8 30.Qb3 Rxd1+ 31.Qxd1 Qe7 32.Kg2 Qc7 33.Kf3 Qd8 34.Qb3 Qe7
35.Qd3 Qd8 36.Ke3 Qxd3+ 37.Kxd3 Ke7 38.Ke4 Nd8 39.Bc8 Kf7 40.g4 Ke7 41.f3 
Ke8 42.g5 hxg5 43.hxg5 Ke7 44.f4 exf4 45.Kxf4 1/2-1/2

[Event "XXV Festival A"]
[Site "Arco ITA"]
[Date "2003.10.21"]
[Round "4"]
[White "Tocco, Paolo"]
[Black "Astengo, Marcello"]
[Result "1-0"]
[WhiteElo "2156"]
[BlackElo "2066"]
[PlyCount "37"]
[EventDate "2003.10.18"]

1.d4 d5 2.e4 c6 3.e5 c5 4.dxc5 e6 5.Be3 Nd7 6.Bb5 Ne7 7.c3 Nc6 8.Nf3 Nxc5 
9.O-O Bd7 10.Qe2 a6 11.Bxc6 bxc6 12.c4 Ne4 13.Nbd2 Qb8 14.Nxe4 dxe4 15.Ng5
Qxe5 16.Rfd1 Rd8 17.g3 f5 18.Bd4 Qc7 19.Bxg7 1-0

[Event "XXV Festival A"]
[Site "Arco ITA"]
[Date "2003.10.21"]
[Round "4"]
[White "Traversi, Carlo"]
[Black "Benaglia, Giovanni"]
[Result "1-0"]
[WhiteElo "1856"]
[BlackElo "2062"]
[PlyCount "47"]
[EventDate "2003.10.18"]

1.e4 e6 2.d4 d5 3.e5 c5 4.c3 Qb6 5.Nf3 Nc6 6.Be2 cxd4 7.cxd4 Nh6 8.O-O Nf5
9.Be3 Qxb2 10.Nbd2 Nfxd4 11.Nxd4 Nxd4 12.Bxd4 Qxd4 13.Bb5+ Bd7 14.Qe2 Be7 
15.Bxd7+ Kxd7 16.Qb5+ Kd8 17.Qxb7 Rc8 18.Rac1 Rxc1 19.Rxc1 Bc5 20.Qb8+ Kd7
21.Qb5+ Ke7 22.Qxc5+ Qxc5 23.Rxc5 Kd7 24.Nb3 1-0

[Event "XXV Festival A"]
[Site "Arco ITA"]
[Date "2003.10.21"]
[Round "4"]
[White "Vezzosi, Paolo"]
[Black "Happel, Hendrik A."]
[Result "1-0"]
[WhiteElo "2371"]
[BlackElo "2237"]
[PlyCount "105"]
[EventDate "2003.10.18"]

1.d4 Nf6 2.Nf3 e6 3.c4 b6 4.e3 c5 5.Nc3 cxd4 6.exd4 d6 7.Bd3 Be7 8.O-O O-O
9.Re1 Nbd7 10.Bf4 Bb7 11.Rc1 Re8 12.b4 Nf8 13.Nd2 Ng6 14.Bg3 Bf8 15.Nb3 e5
16.d5 Bc8 17.h3 Ne7 18.Qf3 Ng6 19.Re2 Nd7 20.Rb1 Bb7 21.a4 Be7 22.a5 Rf8 
23.Ra2 Rb8 24.axb6 axb6 25.Nb5 Ra8 26.Rba1 Rxa2 27.Rxa2 Nb8 28.Bf5 Na6 29.
Ra4 Nh4 30.Bxh4 Bxh4 31.g3 Bg5 32.h4 Be7 33.Na7 g6 34.Nc6 Qc7 35.Bh3 f5 
36.b5 Nc5 37.Ra7 Ra8 38.Rxa8+ Bxa8 39.Nxc5 dxc5 40.Nxe7+ Qxe7 41.Qa3 Qb7 
42.g4 f4 43.g5 Kf7 44.Be6+ Ke7 45.h5 gxh5 46.Qh3 Kd6 47.Qxh5 Qe7 48.Qh6 
Bb7 49.Bf5+ Kc7 50.Qxh7 Qxh7 51.Bxh7 Kd8 52.g6 Ke8 53.g7 1-0

[Event "XXV Festival A"]
[Site "Arco ITA"]
[Date "2003.10.21"]
[Round "4"]
[White "Vink, Wim"]
[Black "Swinkels, Jos"]
[Result "1/2-1/2"]
[WhiteElo "2142"]
[BlackElo "1991"]
[PlyCount "37"]
[EventDate "2003.10.18"]

1.d4 Nf6 2.Nf3 e6 3.c4 b6 4.Nc3 Bb7 5.a3 Be7 6.Qc2 d5 7.cxd5 exd5 8.Bg5 
Nbd7 9.e3 O-O 10.Be2 c5 11.O-O Rc8 12.dxc5 Nxc5 13.Qf5 g6 14.Qe5 Ncd7 15.
Qf4 Ne4 16.Nxe4 dxe4 17.Bxe7 Qxe7 18.Nd4 Qe5 19.Qxe5 1/2-1/2

[Event "XXV Festival A"]
[Site "Arco ITA"]
[Date "2003.10.21"]
[Round "4"]
[White "Weiland, Guenter"]
[Black "Castellano, Alfonso"]
[Result "1/2-1/2"]
[WhiteElo "1995"]
[BlackElo "1854"]
[PlyCount "99"]
[EventDate "2003.10.18"]

1.Nf3 Nf6 2.c4 g6 3.b4 Bg7 4.Bb2 O-O 5.g3 d6 6.d3 e5 7.Nbd2 Nc6 8.a3 h6 9.
Bg2 Be6 10.O-O Qc8 11.b5 Ne7 12.c5 Bd5 13.e4 Be6 14.d4 dxc5 15.d5 Bd7 16.
a4 a6 17.Qb3 Ne8 18.Bxe5 f6 19.Bb2 Nd6 20.b6 Kh7 21.bxc7 Qxc7 22.Rfc1 b5 
23.axb5 axb5 24.Qc2 Rxa1 25.Rxa1 Rc8 26.Ra6 Rb8 27.e5 fxe5 28.Bxe5 Bxe5 
29.Nxe5 Bc8 30.Ra1 c4 31.Nc6 Nxc6 32.dxc6 Be6 33.Ne4 Nxe4 34.Qxe4 Bf7 35.
Qd4 Qe7 36.Ra7 Qe1+ 37.Bf1 Rf8 38.Ra1 Qe7 39.Rb1 Rb8 40.Qf4 Rc8 41.Rxb5 
Rxc6 42.Rb8 c3 43.Qd4 Bg8 44.Rb1 Qc7 45.Bd3 Rd6 46.Rb7 Qxb7 47.Qxd6 Bf7 
48.h4 Qf3 49.Bc2 h5 50.Qe7 1/2-1/2

[Event "XXV Festival A"]
[Site "Arco ITA"]
[Date "2003.10.21"]
[Round "4"]
[White "Weinberg, Emanuele"]
[Black "Bondielli, Giorgio"]
[Result "0-1"]
[WhiteElo "1939"]
[BlackElo "2019"]
[PlyCount "120"]
[EventDate "2003.10.18"]

1.d4 f5 2.c4 Nf6 3.g3 g6 4.Bg2 d6 5.Nf3 Bg7 6.O-O O-O 7.Nc3 c6 8.Bg5 h6 9.
Bd2 Na6 10.Rc1 Qe8 11.d5 e5 12.dxe6 Bxe6 13.b3 Rd8 14.Be3 g5 15.Bxa7 Qh5 
16.e3 f4 17.exf4 gxf4 18.Nd4 Bg4 19.Bf3 Bxf3 20.Qxf3 Ng4 21.Qh1 Rde8 22.h3
Ne5 23.g4 Qg6 24.Qe4 Qf6 25.Qf5 Qh4 26.Qh5 Qxh5 27.gxh5 Nb4 28.Ne4 Nf3+ 
29.Nxf3 Rxe4 30.Rcd1 Ra8 31.Bd4 Bxd4 32.Rxd4 Rxd4 33.Nxd4 Rxa2 34.Re1 Nd3 
35.Re2 Rxe2 36.Nxe2 Kf7 37.Kg2 Kf6 38.h4 Kf5 39.f3 Ke5 40.Kf1 c5 41.Nc3 
Nc1 42.Nd5 Nxb3 43.Ke2 b5 44.Ne7 bxc4 45.Ng8 Kd4 46.Nxh6 c3 47.Nf5+ Ke5 
48.h6 c2 49.h7 c1=Q 50.h8=Q+ Kxf5 51.Qh7+ Ke5 52.Qe7+ Kd4 53.Qxd6+ Kc3 54.
Qd3+ Kb2 55.h5 Qh1 56.Qd5 Qg2+ 57.Ke1 Qg1+ 58.Ke2 Nd4+ 59.Kd3 Qe3+ 60.Kc4 
Qc3# 0-1

[Event "XXV Festival A"]
[Site "Arco ITA"]
[Date "2003.10.22"]
[Round "5"]
[White "Allegranti, Luca"]
[Black "Traversi, Carlo"]
[Result "1-0"]
[WhiteElo "1988"]
[BlackElo "1856"]
[PlyCount "71"]
[EventDate "2003.10.18"]

1.d4 Nf6 2.Nf3 g6 3.Bg5 Bg7 4.e3 O-O 5.Bd3 c6 6.O-O d6 7.Nbd2 Nbd7 8.c3 
Qc7 9.h3 e5 10.dxe5 dxe5 11.e4 Nc5 12.Bc2 Ne6 13.Qe2 Nxg5 14.Nxg5 h6 15.
Ngf3 Be6 16.a4 Nh5 17.Bb3 Nf4 18.Qe3 Qc8 19.Bxe6 Qxe6 20.Rfd1 Rfd8 21.Nf1 
g5 22.Ng3 b6 23.Nf5 Bf8 24.b4 f6 25.g3 Ng6 26.h4 Kh7 27.hxg5 fxg5 28.Qxg5 
Qe8 29.Qh5 Ne7 30.Ng5+ Kg8 31.Nxh6+ Bxh6 32.Qxh6 Qg6 33.Qxg6+ Nxg6 34.Ne6 
Rxd1+ 35.Rxd1 Kf7 36.Nd8+ 1-0

[Event "XXV Festival A"]
[Site "Arco ITA"]
[Date "2003.10.22"]
[Round "5"]
[White "Astengo, Marcello"]
[Black "Weinberg, Emanuele"]
[Result "1-0"]
[WhiteElo "2066"]
[BlackElo "1939"]
[PlyCount "49"]
[EventDate "2003.10.18"]

1.d4 Nf6 2.c4 c5 3.d5 e6 4.Nc3 exd5 5.cxd5 d6 6.e4 g6 7.Bg5 Bg7 8.f4 Qa5 
9.Qd2 a6 10.Nf3 O-O 11.Bd3 b5 12.O-O Re8 13.Rae1 Nbd7 14.e5 dxe5 15.fxe5 
Ng4 16.e6 fxe6 17.dxe6 Nde5 18.Be4 Ra7 19.e7 Nxf3+ 20.Bxf3 Bd4+ 21.Kh1 Nf6
22.Bxf6 Bxf6 23.Bd5+ Kg7 24.Rxf6 Kxf6 25.Ne4+ 1-0

[Event "XXV Festival A"]
[Site "Arco ITA"]
[Date "2003.10.22"]
[Round "5"]
[White "Bondielli, Giorgio"]
[Black "Vink, Wim"]
[Result "1/2-1/2"]
[WhiteElo "2019"]
[BlackElo "2142"]
[PlyCount "28"]
[EventDate "2003.10.18"]

1.e4 e5 2.Nf3 Nc6 3.d4 exd4 4.Bc4 Nf6 5.O-O d5 6.exd5 Nxd5 7.Nxd4 Nxd4 8.
Qxd4 Be6 9.Re1 c6 10.Nd2 Qa5 11.Qe5 O-O-O 12.Nb3 Qc7 13.Qxc7+ Nxc7 14.
Bxe6+ Nxe6 1/2-1/2

[Event "XXV Festival A"]
[Site "Arco ITA"]
[Date "2003.10.22"]
[Round "5"]
[White "Bossoni, Mario"]
[Black "Ricci, Alfredo"]
[Result "0-1"]
[WhiteElo "1966"]
[BlackElo "2029"]
[PlyCount "66"]
[EventDate "2003.10.18"]

1.e4 c5 2.d4 cxd4 3.c3 dxc3 4.Nxc3 e6 5.Nf3 a6 6.Bc4 Ne7 7.O-O Ng6 8.Qe2 
Be7 9.Rd1 d6 10.a4 Nc6 11.Be3 Qa5 12.Nd2 O-O 13.Nb3 Qc7 14.f4 Na5 15.Nxa5 
Qxa5 16.Qf2 Qb4 17.Ba2 Bd7 18.Rd4 Qa5 19.Rc4 Rac8 20.Bb6 Qh5 21.Rd4 Nxf4 
22.e5 g5 23.exd6 Bf6 24.Rxf4 gxf4 25.Ne4 Qe5 26.Re1 Qxb2 27.Nxf6+ Qxf6 28.
Bd4 Qg5 29.Bb2 Rfe8 30.h3 f6 31.Rd1 Kf7 32.Bc1 Qc5 33.Qxc5 Rxc5 0-1

[Event "XXV Festival A"]
[Site "Arco ITA"]
[Date "2003.10.22"]
[Round "5"]
[White "Cardili, Mariano"]
[Black "Benaglia, Giovanni"]
[Result "1/2-1/2"]
[WhiteElo "1900"]
[BlackElo "2062"]
[PlyCount "111"]
[EventDate "2003.10.18"]

1.d4 f5 2.c4 Nf6 3.Nc3 g6 4.g3 Bg7 5.Bg2 d6 6.Nf3 O-O 7.O-O Qe8 8.d5 a5 9.
Qc2 Na6 10.Rb1 h6 11.b3 Bd7 12.Bb2 Nc5 13.a3 g5 14.b4 axb4 15.axb4 Nce4 
16.Nxe4 Nxe4 17.Bxg7 Kxg7 18.Nd4 e5 19.Nxf5+ Bxf5 20.Bxe4 Bh3 21.Rfc1 Qf7 
22.e3 Qh5 23.c5 Rac8 24.cxd6 cxd6 25.Qd2 Kf6 26.b5 Ke7 27.b6 Rxc1+ 28.Rxc1
Rc8 29.Rxc8 Bxc8 30.Qc1 Qe8 31.Qc2 Qd8 32.Bf3 Kf6 33.Qh7 Qf8 34.Qc7 Kg6 
35.Be2 Kf6 36.Bb5 h5 37.Bd7 Bxd7 38.Qxd7 Qe7 39.Qc8 e4 40.Qh8+ Kg6 41.Qc8 
Qe5 42.Qg8+ Kh6 43.h3 Qa1+ 44.Kg2 Qf6 45.Qe6 Qxe6 46.dxe6 Kg6 47.e7 Kf7 
48.e8=Q+ Kxe8 49.f4 exf3+ 50.Kxf3 Kf7 51.Ke4 Ke6 52.g4 d5+ 53.Kd4 hxg4 54.
hxg4 Kd6 55.e4 dxe4 56.Kxe4 1/2-1/2

[Event "XXV Festival A"]
[Site "Arco ITA"]
[Date "2003.10.22"]
[Round "5"]
[White "Castellano, Alfonso"]
[Black "Di Lazzaro, Gabriele"]
[Result "0-1"]
[WhiteElo "1854"]
[BlackElo "2013"]
[PlyCount "86"]
[EventDate "2003.10.18"]

1.c4 e5 2.g3 Nc6 3.Bg2 Bc5 4.Nc3 f5 5.e3 Nf6 6.Nge2 O-O 7.d4 exd4 8.exd4 
Bb4 9.O-O Bxc3 10.Nxc3 d6 11.b3 Rb8 12.Qd2 Bd7 13.Bb2 a6 14.a4 Qe8 15.f4 
Qh5 16.Rfe1 Rfe8 17.Nd5 Nxd5 18.Bxd5+ Kh8 19.b4 Ne7 20.Bg2 d5 21.cxd5 Qf7 
22.d6 cxd6 23.d5 Ng8 24.a5 Nf6 25.Qd4 Rxe1+ 26.Rxe1 Re8 27.Rxe8+ Qxe8 28.
Bc3 Bb5 29.Bf3 h6 30.h3 Be2 31.Bg2 Bb5 32.Bf3 Qg6 33.Kf2 Qe8 34.g4 fxg4 
35.hxg4 Qg6 36.f5 Qg5 37.Bd2 Qh4+ 38.Kg2 h5 39.Qb6 hxg4 40.Qd8+ Kh7 41.Be4
Qh3+ 42.Kg1 Nxe4 43.f6 Qg3+ 0-1

[Event "XXV Festival A"]
[Site "Arco ITA"]
[Date "2003.10.22"]
[Round "5"]
[White "Crippa, Gabriele"]
[Black "Agostini, Guillermo"]
[Result "1/2-1/2"]
[WhiteElo "2129"]
[BlackElo "1822"]
[PlyCount "50"]
[EventDate "2003.10.18"]

1.d4 d6 2.c3 g6 3.Nf3 Nf6 4.Bg5 Bg7 5.Nbd2 Nbd7 6.e4 O-O 7.Bc4 Qe8 8.e5 d5
9.Bb3 Ne4 10.Bxd5 Nxg5 11.Nxg5 Nb6 12.Bb3 Qc6 13.Qf3 Qxf3 14.Ndxf3 e6 15.
h4 h5 16.Ne4 Nd5 17.O-O-O a5 18.Rdg1 a4 19.Bxd5 exd5 20.Nf6+ Bxf6 21.exf6 
Ra6 22.Ne5 Rxf6 23.f3 Kg7 24.Rh2 Re8 25.g4 hxg4 1/2-1/2

[Event "XXV Festival A"]
[Site "Arco ITA"]
[Date "2003.10.22"]
[Round "5"]
[White "De Napoli, Giuseppe"]
[Black "Molzahn, Norbert"]
[Result "1/2-1/2"]
[WhiteElo "2159"]
[BlackElo "2089"]
[PlyCount "53"]
[EventDate "2003.10.18"]

1.d4 c5 2.e3 cxd4 3.exd4 g6 4.Nf3 Bg7 5.Bd3 Nf6 6.O-O O-O 7.Nbd2 Nc6 8.c3 
d5 9.h3 a6 10.Re1 b5 11.Nb3 Nd7 12.Bg5 Re8 13.Qd2 Bb7 14.Rad1 Qc7 15.Bh6 
Bf6 16.Qe2 Rad8 17.Nh2 e5 18.Bb1 Qd6 19.Ng4 Bg7 20.Bxg7 Kxg7 21.Qd2 e4 22.
Qg5 f5 23.Ne3 Qf6 24.Qxf6+ Nxf6 25.Nc5 Bc8 26.g3 g5 27.Kh2 1/2-1/2

[Event "XXV Festival A"]
[Site "Arco ITA"]
[Date "2003.10.22"]
[Round "5"]
[White "Del Nevo, Claudio"]
[Black "Weiland, Guenter"]
[Result "1-0"]
[WhiteElo "1743"]
[BlackElo "1995"]
[PlyCount "61"]
[EventDate "2003.10.18"]

1.d4 g6 2.Nf3 Bg7 3.c3 Nf6 4.Bg5 d6 5.Bxf6 Bxf6 6.e3 c6 7.Bd3 Qc7 8.Nbd2 
d5 9.Qc2 Nd7 10.O-O-O b5 11.h4 h5 12.e4 dxe4 13.Nxe4 Bb7 14.Nxf6+ Nxf6 15.
Ng5 Rg8 16.Rde1 Bc8 17.Re2 Bf5 18.Bxf5 Qf4+ 19.Kd1 Qxf5 20.Qxf5 gxf5 21.
Rhe1 e6 22.Re5 Kf8 23.f3 Kg7 24.b3 Kg6 25.Nh3 Nd5 26.Kd2 Kf6 27.Rg1 Rad8 
28.Ng5 b4 29.c4 Nc3 30.Kd3 Rxd4+ 31.Kxd4 1-0

[Event "XXV Festival A"]
[Site "Arco ITA"]
[Date "2003.10.22"]
[Round "5"]
[White "Diotallevi, Maurizio"]
[Black "Borin, Fabio"]
[Result "0-1"]
[WhiteElo "2096"]
[BlackElo "2189"]
[PlyCount "88"]
[EventDate "2003.10.18"]

1.d4 f5 2.Nc3 d5 3.Bg5 g6 4.e3 Bg7 5.Bd3 Be6 6.Nh3 c6 7.Qd2 Nd7 8.Ne2 Ngf6
9.f3 Qb6 10.c3 Bf7 11.Bxf6 Bxf6 12.f4 c5 13.Neg1 Bg7 14.Nf3 h6 15.Nhg1 a5 
16.Ne5 Nxe5 17.dxe5 O-O 18.Nf3 Rfd8 19.O-O Be8 20.Qc2 c4 21.Nd4 cxd3 22.
Qxd3 e6 23.Rf2 Bf8 24.Rd2 Bc5 25.Kf2 Rd7 26.Nb3 Bf8 27.Nd4 Rg7 28.g3 Bc5 
29.Rc1 Rc8 30.Qe2 Bxd4 31.Rxd4 Bb5 32.Qc2 Rc4 33.Rcd1 Qc5 34.R1d2 g5 35.
Kg2 Be8 36.Qd1 b5 37.Rc2 Rc7 38.Qd2 Rg7 39.Rc1 gxf4 40.exf4 Rc7 41.Rd1 Bh5
42.Rf1 b4 43.Rxc4 Qxc4 44.Rc1 d4 0-1

[Event "XXV Festival A"]
[Site "Arco ITA"]
[Date "2003.10.22"]
[Round "5"]
[White "Dittmar, Peter"]
[Black "Cetkovic, Sergio"]
[Result "1/2-1/2"]
[WhiteElo "2356"]
[BlackElo "2106"]
[PlyCount "71"]
[EventDate "2003.10.18"]

1.b3 d5 2.Bb2 c6 3.e3 Nf6 4.Nf3 Bg4 5.Be2 Nbd7 6.c4 e6 7.O-O Be7 8.Nc3 O-O
9.cxd5 cxd5 10.Nd4 Bxe2 11.Qxe2 a6 12.Rac1 Rc8 13.Rc2 h6 14.Rfc1 Nb6 15.d3
Qd6 16.h3 Rfd8 17.Qd1 Nfd7 18.Nb1 Qb8 19.Nd2 Rxc2 20.Rxc2 Rc8 21.N2f3 Rxc2
22.Qxc2 Qc8 23.Qd2 Qc5 24.Ne2 Bf6 25.Nf4 Bxb2 26.Qxb2 Nf6 27.Ne5 Nbd7 28.
Nxd7 Nxd7 29.Nh5 f6 30.d4 Qc7 31.Qe2 g5 32.Qd3 Qc1+ 33.Kh2 Qc7+ 34.f4 f5 
35.g4 gxf4 36.exf4 1/2-1/2

[Event "XXV Festival A"]
[Site "Arco ITA"]
[Date "2003.10.22"]
[Round "5"]
[White "Drasko, Milan"]
[Black "Di Paolo, Raffaele"]
[Result "1-0"]
[WhiteElo "2470"]
[BlackElo "2325"]
[PlyCount "102"]
[EventDate "2003.10.18"]

1.d4 Nf6 2.c4 g6 3.Nf3 Bg7 4.g3 O-O 5.Bg2 d6 6.O-O Nbd7 7.Qc2 e5 8.Rd1 Re8
9.e4 c6 10.Nc3 Qe7 11.b3 exd4 12.Nxd4 Nc5 13.f3 Nfd7 14.Nce2 a5 15.Rb1 Nb6
16.h3 Bd7 17.Bf4 d5 18.cxd5 cxd5 19.Bc7 Ra6 20.Rbc1 Ne6 21.Nxe6 Bxe6 22.
Qd3 Nc4 23.exd5 Nb2 24.Qd2 Nxd1 25.d6 Qd7 26.Rxd1 a4 27.b4 Rc6 28.f4 Rxc7 
29.dxc7 Qxc7 30.Kh2 Qb6 31.a3 h5 32.Nc3 Bb3 33.Nd5 Qd6 34.Re1 Rd8 35.Re3 
h4 36.Rd3 Kh7 37.Qf2 hxg3+ 38.Qxg3 Bc4 39.Rd1 Bb3 40.Rd3 Bh6 41.Kg1 Rc8 
42.Qe3 Bxd5 43.Rxd5 Bxf4 44.Qd4 Bh2+ 45.Kf1 Rc1+ 46.Ke2 Qe6+ 47.Kf3 f6 48.
Qf2 Kg7 49.Qe3 Be5 50.Rxe5 fxe5 51.Qxc1 Kf6 1-0

[Event "XXV Festival A"]
[Site "Arco ITA"]
[Date "2003.10.22"]
[Round "5"]
[White "Giuriato, Sergio"]
[Black "Wronn, Bernd"]
[Result "0-1"]
[WhiteElo "2029"]
[BlackElo "2217"]
[PlyCount "40"]
[EventDate "2003.10.18"]

1.d4 Nf6 2.c4 e6 3.Nc3 Bb4 4.e3 d5 5.Nf3 c5 6.Bd3 Nc6 7.O-O O-O 8.a3 Bxc3 
9.bxc3 dxc4 10.Bxc4 Qc7 11.Qc2 e5 12.Bd3 Rd8 13.dxe5 Nxe5 14.Nxe5 Qxe5 15.
f4 Qd5 16.Rd1 Bf5 17.Bxf5 Qxd1+ 18.Qxd1 Rxd1+ 19.Kf2 Rad8 20.Ke2 Rg1 0-1

[Event "XXV Festival A"]
[Site "Arco ITA"]
[Date "2003.10.22"]
[Round "5"]
[White "Grigore, George-Gabriel"]
[Black "Cebalo, Miso"]
[Result "1-0"]
[WhiteElo "2485"]
[BlackElo "2486"]
[PlyCount "83"]
[EventDate "2003.10.18"]

1.d4 Nf6 2.c4 g6 3.Nc3 Bg7 4.e4 d6 5.Be2 O-O 6.Nf3 e5 7.O-O Nc6 8.d5 Ne7 
9.Ne1 Ne8 10.Be3 f5 11.f3 f4 12.Bf2 g5 13.c5 h5 14.cxd6 Nxd6 15.Nd3 Ng6 
16.Nc5 Rf7 17.Ne6 Qf6 18.Nb5 Nxb5 19.Bxb5 c6 20.Bc4 Kh8 21.Bc5 Bh6 22.a4 
Rh7 23.a5 Bxe6 24.dxe6 Bf8 25.Bf2 Bb4 26.a6 b5 27.Bb3 Nf8 28.Rc1 Rc8 29.
Bc5 Bxc5+ 30.Rxc5 Nxe6 31.Qd6 Rh6 32.Rxc6 Rxc6 33.Qxc6 Nf8 34.Qxb5 Rg6 35.
Rc1 g4 36.fxg4 f3 37.Rc5 Rxg4 38.g3 h4 39.Kf2 hxg3+ 40.hxg3 Rg5 41.Rc6 Qg7
42.Qb8 1-0

[Event "XXV Festival A"]
[Site "Arco ITA"]
[Date "2003.10.22"]
[Round "5"]
[White "Happel, Hendrik A."]
[Black "Roberti, Ignazio"]
[Result "1-0"]
[WhiteElo "2237"]
[BlackElo "1990"]
[PlyCount "51"]
[EventDate "2003.10.18"]

1.d4 Nf6 2.c4 e6 3.Nc3 Bb4 4.a3 Bxc3+ 5.bxc3 c5 6.f3 Qa5 7.Bd2 d5 8.e3 
Nbd7 9.cxd5 exd5 10.Bd3 Qc7 11.Ne2 b6 12.O-O Bb7 13.Ng3 O-O 14.e4 Kh8 15.
e5 Ng8 16.f4 Rfe8 17.Nf5 Nf8 18.Qg4 Ng6 19.Nd6 Rf8 20.f5 Bc8 21.Qh5 cxd4 
22.fxg6 fxg6 23.Bxg6 Rxf1+ 24.Rxf1 Nf6 25.exf6 gxf6 26.Nf7+ 1-0

[Event "XXV Festival A"]
[Site "Arco ITA"]
[Date "2003.10.22"]
[Round "5"]
[White "Karpatchev, Aleksandr"]
[Black "Prakken, Gerrit"]
[Result "1-0"]
[WhiteElo "2459"]
[BlackElo "2249"]
[PlyCount "73"]
[EventDate "2003.10.18"]

1.e4 e5 2.Nf3 Nc6 3.Bc4 Nf6 4.d4 exd4 5.e5 Ne4 6.O-O d5 7.exd6 Nxd6 8.Re1+
Be7 9.Bd5 Nf5 10.Bxc6+ bxc6 11.g4 Nh6 12.Bxh6 gxh6 13.Qxd4 Rg8 14.Qxd8+ 
Kxd8 15.h3 Bf6 16.Nc3 Be6 17.Rad1+ Kc8 18.Ne4 Bxb2 19.Nd4 Bxd4 20.Rxd4 Rd8
21.Ra4 Rd5 22.f4 c5 23.f5 Bd7 24.Ra5 Bc6 25.Rxc5 Rxc5 26.Nxc5 Kd8 27.Kf2 
Rb8 28.Nd3 Rb5 29.Kg3 Ra5 30.Kh4 Ra3 31.Kh5 a5 32.Kxh6 Rxa2 33.Ne5 Be8 34.
Kg7 f6 35.Kxf6 Rxc2 36.Nf7+ Kd7 37.Re7+ 1-0

[Event "XXV Festival A"]
[Site "Arco ITA"]
[Date "2003.10.22"]
[Round "5"]
[White "Levin, Felix"]
[Black "Korneev, Oleg"]
[Result "1/2-1/2"]
[WhiteElo "2481"]
[BlackElo "2559"]
[PlyCount "46"]
[EventDate "2003.10.18"]

1.d4 d5 2.c4 e6 3.Nf3 Nf6 4.e3 c5 5.cxd5 exd5 6.Bb5+ Nc6 7.O-O Bd6 8.dxc5 
Bxc5 9.b3 O-O 10.Bb2 Bg4 11.Bxc6 bxc6 12.Nbd2 Rc8 13.Qc2 Bd6 14.Rac1 Re8 
15.Rfe1 c5 16.Qd3 Ne4 17.Nxe4 Rxe4 18.Nd2 Re6 19.Nf1 Qg5 20.f4 Qf5 21.Qxf5
Bxf5 22.Red1 Be4 23.Ng3 Bf8 1/2-1/2

[Event "XXV Festival A"]
[Site "Arco ITA"]
[Date "2003.10.22"]
[Round "5"]
[White "Lovati, Paolo"]
[Black "Sautto, Alessandra"]
[Result "0-1"]
[WhiteElo "2089"]
[BlackElo "1964"]
[PlyCount "124"]
[EventDate "2003.10.18"]

1.b3 Nf6 2.Bb2 e6 3.c4 d5 4.g3 Be7 5.Bg2 O-O 6.Nf3 c5 7.O-O Nc6 8.Qc2 d4 
9.a3 e5 10.d3 Bg4 11.Bc1 Qd7 12.Bg5 h6 13.Bxf6 Bxf6 14.Nbd2 Be7 15.Rad1 
Rad8 16.Rfe1 Rfe8 17.Qb1 a5 18.Nf1 Bd6 19.e4 Rf8 20.Rd2 Be7 21.Rc1 Bxf3 
22.Bxf3 Bg5 23.Bg2 Bxd2 24.Nxd2 Ne7 25.b4 axb4 26.axb4 b6 27.bxc5 bxc5 28.
Qb5 Qd6 29.Nb3 Rc8 30.Bh3 Rc6 31.Ra1 Rb8 32.Qa4 Rcb6 33.Nd2 Qc6 34.Bd7 
Qxa4 35.Rxa4 Nc6 36.Nf3 f6 37.Be6+ Kf8 38.Nh4 Ke7 39.Bd5 Kd8 40.Nf5 Ne7 
41.Nxg7 Nxd5 42.exd5 Kd7 43.Ra7+ R8b7 44.Ra5 Rc7 45.Ra8 Rcb7 46.Ne6 Rxe6 
47.dxe6+ Kxe6 48.Ra6+ Kf5 49.Ra5 Rb3 50.Rxc5 Rxd3 51.Kf1 Ke4 52.Rc6 Rc3 
53.Rxf6 Rc1+ 54.Ke2 d3+ 55.Kd2 Rc2+ 56.Kd1 Kd4 57.c5 Kc3 58.Ra6 Rxf2 59.
Ra3+ Kd4 60.c6 Ke3 61.Ke1 Rc2 62.Kd1 Rxc6 0-1

[Event "XXV Festival A"]
[Site "Arco ITA"]
[Date "2003.10.22"]
[Round "5"]
[White "Luciani, Carlo"]
[Black "Stull, Norbert"]
[Result "1-0"]
[WhiteElo "2233"]
[BlackElo "2114"]
[PlyCount "85"]
[EventDate "2003.10.18"]

1.e4 c5 2.Nf3 Nc6 3.d4 cxd4 4.Nxd4 Qc7 5.Nc3 e6 6.Be3 a6 7.a3 Nf6 8.Be2 
Be7 9.f4 d6 10.Nb3 b5 11.O-O O-O 12.Qe1 Bb7 13.Bf3 Rfe8 14.g4 Nd7 15.Qf2 
Rac8 16.g5 Bf8 17.h4 g6 18.h5 Bg7 19.Kg2 f6 20.gxf6 Nxf6 21.hxg6 hxg6 22.
Qg3 Kf7 23.Rg1 Ne7 24.Kf2 d5 25.e5 Ne4+ 26.Bxe4 dxe4 27.Nd4 Rcd8 28.Nxe6 
Kxe6 29.f5+ gxf5 30.Qxg7 Qxe5 31.Qh6+ Qf6 32.Qh2 Rh8 33.Qc7 Qh4+ 34.Rg3 
Rhg8 35.Rg1 Rd7 36.Qb6+ Bc6 37.Ne2 Kf7 38.Ke1 Rd6 39.Bf2 Qh7 40.Rxg8 Nxg8 
41.Qc7+ Rd7 42.Qxc6 Nf6 43.Nf4 1-0

[Event "XXV Festival A"]
[Site "Arco ITA"]
[Date "2003.10.22"]
[Round "5"]
[White "Miatello, Alberto"]
[Black "Popa, Claudiu"]
[Result "0-1"]
[WhiteElo "2046"]
[BlackElo "2175"]
[PlyCount "74"]
[EventDate "2003.10.18"]

1.e4 e5 2.Nf3 Nc6 3.Be2 Nf6 4.d4 exd4 5.e5 Ne4 6.O-O d5 7.Nxd4 Nxd4 8.Qxd4
Bc5 9.Qd3 c6 10.Be3 Bxe3 11.Qxe3 Qb6 12.Qxb6 axb6 13.f3 Nc5 14.c4 Nb3 15.
axb3 Rxa1 16.cxd5 cxd5 17.Bb5+ Bd7 18.Nc3 Rxf1+ 19.Bxf1 Bc6 20.b4 b5 21.
Bxb5 d4 22.Nd5 Bxb5 23.Nc7+ Ke7 24.Nxb5 Rd8 25.Kf2 Rd5 26.Na3 Rxe5 27.Nc4 
Rb5 28.Nd2 Rxb4 29.b3 Kd6 30.Ke2 Kd5 31.Kd3 Rb6 32.f4 f5 33.Kc2 Re6 34.Kd1
Re3 35.g3 h5 36.Kc1 Re2 37.Nf3 Rf2 0-1

[Event "XXV Festival A"]
[Site "Arco ITA"]
[Date "2003.10.22"]
[Round "5"]
[White "Papale, Carmelo"]
[Black "Perich, Stefano"]
[Result "1/2-1/2"]
[WhiteElo "1740"]
[BlackElo "1984"]
[PlyCount "59"]
[EventDate "2003.10.18"]

1.e4 e6 2.d4 d5 3.Nc3 Nf6 4.e5 Nfd7 5.f4 c5 6.Nf3 Nc6 7.Be2 b6 8.O-O cxd4 
9.Nb5 Be7 10.Nbxd4 Nxd4 11.Nxd4 g6 12.Be3 Bb7 13.Qd2 a6 14.Rad1 Qc7 15.c3 
Nc5 16.Bf3 O-O-O 17.Qc2 Kb8 18.b4 Nd7 19.Be2 Rc8 20.Rc1 Ka8 21.Qa4 Nb8 22.
Bxa6 Bxa6 23.b5 Qc4 24.Qxc4 Rxc4 25.bxa6 Bc5 26.Kf2 Bxd4 27.Bxd4 Ka7 28.
Rb1 Nd7 29.Ke3 Rhc8 30.g4 1/2-1/2